The elder Seneca

Αποθηκεύτηκε σε:
Λεπτομέρειες βιβλιογραφικής εγγραφής
Κύριος συγγραφέας: Seneca, Lucius Annaeus, approximately 55 B.C.-approximately 39 A.D
Άλλοι συγγραφείς: Winterbottom, Michael, 1934- (Μεταφραστής)
Μορφή: Βιβλίο
Γλώσσα:English
Latin
Δημοσίευση: Cambridge, Mass. : London : Harvard University Press ; Heinemann, 1974.
Σειρά:Loeb classical library ; 463 , 464
Θέματα:
Ετικέτες: Προσθήκη ετικέτας
Δεν υπάρχουν, Καταχωρήστε ετικέτα πρώτοι!

MARC

LEADER 00000cam a2200000 i 4500
001 1/25194
008 960719s1974 mau| ||| |||| ||eng||
020 |a 0674995104   |q (τ. 1) 
020 |a 0674995112   |q (τ. 2) 
035 |l 10022442 
040 |a GR-MyUa  |b gre  |e AACR2 
041 1 |a eng  |a lat  |h lat 
082 7 |a 875.0108   |2 (22) 
100 1 |a Seneca, Lucius Annaeus,   |b approximately 55 B.C.-approximately 39 A.D. 
245 1 4 |a The elder Seneca /   |c Seneca, Lucius Annaeus ; μετάφραση: Michael Winterbottom. 
260 |a Cambridge, Mass. :   |b Harvard University Press ;   |a London :   |b Heinemann,   |c 1974. 
300 |a 2 τ. (526;642 σ.) ;   |c 17 εκ. 
490 1 |a (Loeb classical library ;   |v 463 , 464) 
504 |a Περιλαμβάνει βιβλιογραφία και ευρετήριο. 
505 8 |a Τ. 1. Controversiae I-VI -- τ. 2. Controversiae VII-X ; Suasoriae. 
600 1 0 |a Seneca, Lucius Annaeus,   |b approximately 55 B.C.-approximately 39 A.D.  |x Oratory. 
650 0 |a Speeches, addresses, etc., Latin  |x Translations into English. 
650 0 |a Public speaking. 
700 1 |a Winterbottom, Michael,   |d 1934-  |e trl 
830 0 |a Loeb classical library ;  |v 463 , 464 
852 |a INST  |b CHIOS  |e 19960719  |h 875.0108 SEN  |p 005200006994  |q 005200006994  |t BK  |y 0  |z τ.2 
852 |a INST  |b CHIOS  |e 19960719  |h 875.0108 SEN  |p 005200006995  |q 005200006995  |t BK  |y 0  |z τ.1 
852 |a INST  |b CHIOS  |e 19960719  |h 875.0108 SEN  |p 005200006994  |q 005200006994  |t BK  |v τ.2:  |y 0  |z τ.2 
852 |a INST  |b CHIOS  |e 19960719  |h 875.0108 SEN  |p 005200006995  |q 005200006995  |t BK  |v τ.1:  |y 0  |z τ.1 
853 |a INST  |b CHIOS  |h 875.0108 SEN 
922 |a 2ΕΛΗ  |b 199311  |c ΦΡΑΓΚΟΜΙΧΑΛΟΣ  |d LEADER BOOKS